000 00620nmm a2200229 a 4500
003 AR-BaBNM
005 20251128211048.0
008 106020sc199 ||||||||||||||000 | spa||
020 _a1-85359-279-X
040 _cAR-BaBNM
245 1 0 _aLiteracy, language and community publishing
_bessays in adult education
260 _aClevedon
_bMultilingual Matters
_cc1995
300 0 _a204 p.
650 4 _aEDUCACION DE ADULTOS
650 4 _aALFABETIZACION
650 4 _aPUBLICIDAD
650 4 _aLENGUAJE HABLADO
650 4 _aLENGUAJE ESCRITO
700 1 _aMace, Jane
_eeditor
942 _cBK
998 _cme-solo cat
999 _c18060
_d18060